Southville International School and Colleges
Your cart is empty.
  • Cart
  • Lists
    Public lists Eva Luna New books Lux_list list_1
    Your lists Log in to create your own lists
  • Log in to your account
  • Your cookies
  • Search history
Southville International School and Colleges
  • Advanced search
  • Recent comments
  • Most popular
  • Libraries

Log in to your account

Log in with GOOGLE


If you do not have an external account, but do have a local account, you can still log in:

  1. Home
  2. MARC view: Paradise of the animals :
Normal view MARC view ISBD view

Paradise of the animals : (Record no. 103445)

[ view plain ]
MARC details
000 -LEADER
fixed length control field 00537nam a2200169 a 4500
005 - DATE AND TIME OF LATEST TRANSACTION
control field 20140412111302.0
008 - FIXED-LENGTH DATA ELEMENTS--GENERAL INFORMATION
fixed length control field 010131s19uu xx 00 eng d
020 ## - INTERNATIONAL STANDARD BOOK NUMBER
International Standard Book Number 971-508-022-7
050 ## - LIBRARY OF CONGRESS CALL NUMBER
Classification number Fil E
Item number Pa21 1995
100 ## - MAIN ENTRY--PERSONAL NAME
Personal name Almario, Virgilio S.
245 ## - TITLE STATEMENT
Title Paradise of the animals :
Statement of responsibility, etc Virgilio S. Almario;illustrated by J. de Leon.
Remainder of title for peace in the world /
260 ## - PUBLICATION, DISTRIBUTION, ETC. (IMPRINT)
Place of publication, distribution, etc Philippines :
Name of publisher, distributor, etc Adarna Books Services, Inc,
Date of publication, distribution, etc 1995.
300 ## - PHYSICAL DESCRIPTION
Extent 1 v. (unpaged)
650 ## - SUBJECT ADDED ENTRY--TOPICAL TERM
Topical term or geographic name as entry element Animal--Stories
650 ## - SUBJECT ADDED ENTRY--TOPICAL TERM
Topical term or geographic name as entry element Peace--Fiction
Holdings
Withdrawn status Lost status Damaged status Use restrictions Home library Current library Shelving location Date acquired Source of acquisition Total Checkouts Full call number Barcode Date last seen Price effective from Koha item type
        Elizalde Library Elizalde Library Filipiniana Section 01/31/2001     Fil E Pa21 1995 E4848 04/12/2014 04/12/2014 Books

Paradise of the animals :

APA

Almario V. S., . (1995). Paradise of the animals. Philippines: Adarna Books Services, Inc.

Chicago

Almario Virgilio S, . 1995. Paradise of the animals. Philippines: Adarna Books Services, Inc.

Harvard

Almario V. S., . (1995). Paradise of the animals. Philippines: Adarna Books Services, Inc.

MLA

Almario Virgilio S, . Paradise of the animals. Philippines: Adarna Books Services, Inc. 1995.

  • Place hold
  • Print
  • Cite
  • Add to your cart (remove)
  • Save record
    BIBTEX Dublin Core MARCXML MARC (non-Unicode/MARC-8) MARC (Unicode/UTF-8) MARC (Unicode/UTF-8, Standard) MODS (XML) RIS
  • More searches
    Search for this title in:
    Other Libraries (WorldCat) Other Databases (Google Scholar) Online Stores (Bookfinder.com) Open Library (openlibrary.org)

Exporting to Dublin Core...

SOUTHVILLE LIBRARY

Southville International School and Colleges Library

1281 Tropical Ave. Cor. Luxembourg St., BF Homes International, Las Pinas City

Tel. No. 8256374 / 252358 Loc. 117/146

Powered by Koha